Champions de League of Legends - Statistiques

Statistiques générales
  • Ce quiz a été pris 46 566 fois
    10 150 depuis la dernière actualisation
  • Le résultat moyen est 99 sur 171
Statistiques - réponses
Surnom Nom du Champion % Correct
Renard à Neuf Queues Ahri
92%
Épée des Darkin Aatrox
86%
Archère de Givre Ashe
83%
Force de Demacia Garen
83%
Cogne de Piltover Vi
82%
Momie Mélancolique Amumu
81%
Fractureur du Temps Ekko
81%
Minotaure Alistar
80%
Main de Noxus Darius
80%
Gâchette Folle Jinx
79%
Cryophénix Anivia
78%
Shérif de Piltover Caitlyn
78%
Empereur des Sables Azir
76%
Reflet de l'Âme Mel
76%
Dame de Lumière Lux
75%
Assassin Rebelle Akali
73%
Forgeur d’Étoiles Aurelion Sol
73%
Matriarche de Guerre Ambessa
71%
Golem de Vapeur Blitzcrank
71%
Enfant des Ténèbres Annie
70%
Inventeur Réputé Heimerdinger
70%
Cœur de Freljord Braum
69%
Reine Araignée Elise
69%
Le Garçon et son Yéti Nunu et Willump
69%
Chimiste Fou Singed
69%
Éternel Cauchemar Nocturne
68%
Étreinte du Serpent Cassiopeia
67%
Fille du Néant Kai'Sa
67%
Moine Aveugle Lee Sin
67%
Scout de Bantam Teemo
67%
Dame aux Ronces Zyra
67%
Filou des Mers Fizz
66%
Chasseuse de Primes Miss Fortune
66%
Dieu de la Forge Volcanique Ornn
66%
Canonnière Yordle Tristana
66%
Fureur Déchaînée de Zaun Warwick
66%
Maître des Ombres Zed
66%
Impératrice du Néant Bel'Veth
65%
Mépris de la Lune Diana
65%
Explorateur Prodigue Ezreal
65%
Colosse Galio
65%
Titan des Profondeurs Nautilus
65%
Demoiselle Mécanique Orianna
65%
Roi des Singes Wukong
65%
Protecteur du Futur Jayce
64%
Fine Lame Wuju Maître Yi
64%
Le Roi Déchu Viego
64%
Disgracié Yasuo
64%
Gardien du Temps Zilean
64%
Arme des Lunaris Aphelios
63%
Lame Sinistre Katarina
63%
Déchue Morgana
63%
Aquamancienne Nami
63%
Dragonnet Flamboyant Smolder
63%
Exemple Demacien Jarvan IV
62%
Gardienne du Marteau Poppy
62%
Bouffon des Ténèbres Shaco
62%
Virtuose de la Harpe Sona
62%
Maître des Cartes Twisted Fate
62%
Héraut de l'Arcane Viktor
62%
Expert des Hexplosifs Ziggs
62%
Danseuse des Lames Irelia
61%
Aîné de la Forêt Ivern
61%
Manipulatrice LeBlanc
61%
Mage Runique Ryze
61%
Demi-Dragon Shyvana
61%
Roi des Trolls Trundle
61%
Inoublié Yone
61%
Faucheur de l'Ombre Kayn
60%
Sorcière de Glace Lissandra
60%
Sorcière Féérique Lulu
60%
Caméléon Curieux Neeko
60%
Chanteuse Rêveuse Séraphine
60%
Œil du Néant Vel'Koz
60%
Manifestation du Crépuscule Zoé
60%
Vengeur Flamboyant Brand
59%
Fléau des Mers Gangplank
59%
Virtuose Jhin
59%
Aube Radieuse Leona
59%
Éclat du Monolithe Malphite
59%
Grand Général Noxien Swain
59%
Révolutionnaire Déchaîné Sylas
59%
Terreur Noire Cho'Gath
58%
Couturière Sacrée Gwen
58%
Gardien des Sables Nasus
58%
Tatou Blindé Rammus
58%
Colosse Mort-Vivant Sion
58%
Glorieux Exécuteur Draven
57%
Dément de Zaun Dr. Mundo
57%
Revenant de Fer Mordekaiser
57%
Sublime Bretteuse Fiora
56%
Prêtresse du Kraken Illaoi
56%
Avatar de l'Air Janna
56%
Vertueuse Kayle
56%
Purificateur Lucian
56%
La Meute de Fer Naafiri
56%
Chasseresse Bestiale Nidalee
56%
Berzerker Olaf
56%
Dévoreur des Sables Renekton
56%
Roi Barbare Tryndamere
56%
Sentinelle Rebelle Akshan
55%
Lance de la Vengeance Kalista
55%
Sénéchal de Demacia Xin Zhao
55%
Gardienne du Grimoire Yuumi
55%
Gardien Errant Bard
54%
Garde aux Chaînes Thresh
54%
Effroi Nocturne Fiddlesticks
53%
Lance Éternelle Pantheon
53%
Éventreur des Abysses Pyke
53%
Roi des Rivières Tahm Kench
53%
Flèche de la Vengeance Varus
53%
Tempête Impitoyable Volibear
53%
Mage Suprême Xerath
53%
Démon Sadique Evelynn
52%
Rédemptrice Senna
52%
Hors-la-Loi Graves
51%
Ombre de la Guerre Hecarim
51%
Charmeur Rakan
51%
Traqueuse du Néant Rek'Sai
51%
Colère de l'Hiver Sejuani
51%
Le Patron Sett
51%
Seigneur des Maléfices Veigar
51%
Saigneur Pourpre Vladimir
51%
Chasseur du Néant Kassadin
50%
Faucheur du Néant Kha'Zix
50%
Impératrice des Éléments Qiyana
50%
Tisseuse de Pierres Taliyah
50%
Berger des Âmes Yorick
50%
Étincelle de Zaun Zeri
50%
Maître d'Armes Jax
49%
Baronne de la Chimie Renata Glasc
49%
Rose du Désert Samira
49%
Chasseur Nocturne Vayne
49%
Prophète du Néant Malzahar
48%
Lame des Ténèbres Talon
48%
Semeur de Peste Twitch
48%
Faim Insatiable Briar
47%
Liche Karthus
47%
Vierge de Fer Rell
47%
Rebelle Xayah
47%
Artilleur Téméraire Corki
46%
Fierté de Nazumah K'Santé
46%
Douce Flamme Milio
46%
Ailes de Demacia Quinn
46%
Fier Traqueur Rengar
46%
Menace Mécanisée Rumble
46%
Ombre d'Acier Camille
45%
Sagesse Incarnée Karma
45%
Cœur de la Tempête Kennen
45%
Chasseurs Éternels Kindred
45%
Le Broyeur Urgot
45%
Gueule des Abysses Kog'Maw
44%
Tréant Torturé Maokai
44%
Arme Secrète Zac
44%
Sorcière d'entre les Mondes Aurora
43%
Chaînon Manquant Gnar
43%
Fleur Timide Lillia
43%
Œil du Crépuscule Shen
43%
Cavalier Colérique Kled
42%
Exilée Brisée Riven
42%
Vierge Martiale Sivir
42%
Agitateur Gragas
41%
Enfant des Étoiles Soraka
41%
Joie Incarnée Nilah
40%
Bouclier de Valoran Taric
39%
Souveraine Obscure Syndra
38%
Gardien des Esprits Udyr
37%
Foi Inébranlable Yunara
37%
Ombre du Désespoir Vex
36%
Souverain Originel Skarner
35%
Visionnaire Hwei
33%
Aucun quiz correspondant
Distribution des résultats
% des personnes avec chaque résultat
Percentile par nombre de réponses
Votre historique - résultats
Vous n’avez pas pris ce quiz depuis la dernière actualisation